Nghệ thuật xây dựng nhân vật và kết cấu tác phẩm trong một ngày và một đời /

Enregistré dans:
Détails bibliographiques
Auteur principal: Nguyễn Thị Thanh.
Format: Article
Langue:Vietnamese
Sujets:
Tags: Ajouter un tag
Pas de tags, Soyez le premier à ajouter un tag!
Thư viện lưu trữ: Thư viện Trường Đại học Đà Lạt
LEADER 00829nam a2200265 4500
001 DLU160177643
005 ##20161109
040 # # |a DLU  |b vie 
041 # # |a vie 
044 # # |a vn 
100 # # |a Nguyễn Thị Thanh. 
245 # # |a Nghệ thuật xây dựng nhân vật và kết cấu tác phẩm trong một ngày và một đời /  |c Nguyễn Thị Thanh. 
653 # # |a Nghệ thuật 
653 # # |a Tác phẩm 
653 # # |a Xây dựng nhân vật 
773 # # |t Tạp chí Văn hóa nghệ thuật  |g Số 327, tháng 9-2011, tr.102-104 
920 # # |a Phòng Tạp chí -- Trung tâm Thông tin - Thư viện Trường Đại học Đà Lạt 
994 # # |a DLU 
900 # # |a True 
911 # # |a Trần Thị Minh Hương 
925 # # |a G 
926 # # |a A 
927 # # |a BB 
980 # # |a Thư viện Trường Đại học Đà Lạt